आय रिमेंबर (Record no. 473995)

MARC details
000 -LEADER
fixed length control field 00475nam a2200157Ia 4500
008 - FIXED-LENGTH DATA ELEMENTS--GENERAL INFORMATION
fixed length control field 100204s9999 xx 000 0 und d
082 ## - DEWEY DECIMAL CLASSIFICATION NUMBER
Item number 28815
100 ## - MAIN ENTRY--PERSONAL NAME
Personal name मोने उत्तरा
245 ## - TITLE STATEMENT
Title आय रिमेंबर
250 ## - EDITION STATEMENT
Edition statement 0
260 ## - PUBLICATION, DISTRIBUTION, ETC. (IMPRINT)
Name of publisher, distributor, etc "सांस्कृतिक प्रकाशन , मुंबई"
Date of publication, distribution, etc 2008
300 ## - PHYSICAL DESCRIPTION
Extent 128
630 ## - SUBJECT ADDED ENTRY--UNIFORM TITLE
Uniform title आय रिमेंबर
730 ## - ADDED ENTRY--UNIFORM TITLE
Uniform title आय रिमेंबर
942 ## - ADDED ENTRY ELEMENTS (KOHA)
Koha item type Book
Holdings
Withdrawn status Lost status Damaged status Not for loan Home library Current library Date acquired Cost, normal purchase price Total Checkouts Full call number Barcode Date last seen Cost, replacement price Price effective from Koha item type
        N. C. Kelkar Sarvajanik Library, Mulund N. C. Kelkar Sarvajanik Library, Mulund 12/20/2008 130.00   28815 NCKMULUND-28815 02/04/2010 130.00 02/04/2010 Book